The captive of sahara /

Salvato in:
Dettagli Bibliografici
Autore principale: Hull, E. M. (Edith Maude)
Natura: Libro
Lingua:English
Pubblicazione: London : Methuen, 1931.
LEADER 00691cam a22001937a 4500
001 c000106843
003 CARM
005 19990128000000.0
008 990128s1931 enk 000 1 eng d
019 1 |a 14466285  |5 LACONCORD2021 
035 |a (OCoLC)222254248  |5 LACONCORD2021 
040 |a VLINC  |b eng  |c VLINC 
100 1 |a Hull, E. M.  |q (Edith Maude) 
245 1 4 |a The captive of sahara /  |c by E. M. Hull. 
260 |a London :  |b Methuen,  |c 1931. 
300 |a 273 p. 
852 8 |b CARM  |h A2:AI05G0  |i A02183  |p 0153895  |f BK 
999 f f |i 80f6f9ef-23a6-53d5-bcf9-47133df41c21  |s 970faf3c-5431-5005-a002-d70e2bdc05cb 
952 f f |p Can circulate  |a CAVAL  |b CAVAL  |c CAVAL  |d CARM 1 Store  |e A02183  |f A2:AI05G0  |h Other scheme  |i book  |m 0153895